| 000 | 00905cam a2200229Ka 4500 | ||
|---|---|---|---|
| 082 |
_a355.009247 _bNOJ _cD |
||
| 100 | 1 |
_aNozhin, E. K. _949560 |
|
| 245 | 1 | 4 |
_aThe truth about Port Arthur _cby E.K. Nojine ; translated and abridged by Captain A.B. Lindsay ; ed. by Major E.D. Swinton. |
| 260 |
_aLondon : _bJohn Murray, _c1908 |
||
| 300 | _a1 online resource (xxii, 395 p.) | ||
| 500 | _aIncludes index. | ||
| 500 | _aLate publisher's proof copy of 1908 ed. | ||
| 500 | _aNo Murray file copy no. | ||
| 500 | _aTwo states of preface bound in. First state has manuscript annotations. | ||
| 526 |
_a0 _b0 _c0 _d355_009247000000000_NOJ |
||
| 650 |
_aMCE _9379 |
||
| 700 | 1 |
_aLindsay, A. B. _949561 |
|
| 700 | 1 |
_aSwinton, E. D. _937962 |
|
| 856 | 4 | 0 | _uhttp://catalog.hathitrust.org/api/volumes/oclc/33225553.html |
| 856 | 4 | 0 | _uhttp://catalog.hathitrust.org/api/volumes/oclc/7235854.html |
| 942 |
_2ddc _cBK |
||
| 999 |
_c552341 _d552341 |
||